00769nam a22002177a 4500003000500000005001700005008004100022010001000063011001000073035001000083040000900093100003000102245011100132260004000243300001000283502009900293650002800392650003100420650006600451650003400517CHAP20220329135615.0971013s1995 r 00010 d a39221 a40193 a44318 cCHAP00aOlguín Charrez, Sergio. aDesarrollo de un programa de computadora para estimar costos de operación en proyectos de mecanización aChapingo, Méx. :bEl autor,c1995 a61 h. aTesis (Ing. Mecánico Agrícola) -- UACH. Departamento de Ingeniería Mecánica Agrícola14aCostos de producción.14aMecanización agrícola.14aProcesamiento automático de datos en maquinaria agrícola.14aProgramación (Computadoras)